Animal Alphabet 62 - Statistics

General Stats
  • This quiz has been taken 14 times
  • The average score is 13 of 26
Answer Stats
Picture Hint Answer % Correct
A Anaconda
93%
C Crab
93%
P Panda
79%
S Starfish
79%
B Bobcat
71%
H Hedgehog
71%
L Lemur
71%
O Orca
71%
R Ram
71%
T Trout
71%
E Electric Eel
64%
M Manta Ray
57%
K Krill
50%
G Guppy
43%
Q Queen Snake
36%
D Dhole
29%
F Fossa
29%
I Irukandji
29%
J Jerboa
29%
N Nyala
29%
U Unicorn Fish
29%
X Xenopus
29%
Y Yellow Tang
29%
Z Zorse
29%
V Vireo
21%
W Whiting
21%
No matching quizzes found
Score Distribution
Percent of People with Each Score
Percentile by Number Answered
Your Score History
You have not taken this quiz